00828nam a2200241Ia 4500001000600000003000900006008004100015040001300056040001300069041001300082100002000095100002900115245004300144245006700187250001100254260001100265260003300276260004900309300005900358500010700417650003100524650003100555H8680IT-RoPAU130308s9999 xx 000 0 und d aIT-RoPAU cIT-RoPAU aITALIANO aBollini Letizia gCodice Aut. SPICS: 59454 aMetodologie di progetto del web design bWeb Design e Processi Cognitivi. L'Ambiente dell'Apprendimento a1a ed. aMILANO bMcgraw Hill Libri Italia Srl c2006 [1° Ed.:2006 - Ed.Ling.Originale:2006] a"11 p. (prefazione: no ; testo: 11 [pagine: 269-279])" aProcesso Progettuale. figure Professionali. Processi di Lavoro. metodologie di Progetto. Deliverables. aEDUCAZIONE ALL'INFORMATICA eCodice materia Spics: 4212